The Things that really matter about Hiring People (Record no. 96392)

MARC details
000 -LEADER
fixed length control field 00455nam a2200181Ia 4500
008 - FIXED-LENGTH DATA ELEMENTS--GENERAL INFORMATION
fixed length control field 230125s9999 xx 000 0 und d
020 ## - INTERNATIONAL STANDARD BOOK NUMBER
International Standard Book Number 9788176491396
041 ## - LANGUAGE CODE
Language code of text/sound track or separate title eng
082 ## - DEWEY DECIMAL CLASSIFICATION NUMBER
Classification number 658.312 44
Item number KNE
100 ## - MAIN ENTRY--PERSONAL NAME
Personal name Kneeland S
9 (RLIN) 115932
245 ## - TITLE STATEMENT
Title The Things that really matter about Hiring People
250 ## - EDITION STATEMENT
Edition statement 1st Ed.
260 ## - PUBLICATION, DISTRIBUTION, ETC. (IMPRINT)
Date of publication, distribution, etc. 2007
Name of publisher, distributor, etc. Viva Books
Place of publication, distribution, etc. New Delhi
300 ## - PHYSICAL DESCRIPTION
Extent 62p
700 ## - ADDED ENTRY--PERSONAL NAME
Personal name Kneeland S
9 (RLIN) 115932
906 ## - LOCAL DATA ELEMENT F, LDF (RLIN)
b 21
Holdings
Withdrawn status Lost status Damaged status Not for loan Home library Current library Date acquired Vendor Cost, normal purchase price Bill number Total Checkouts Full call number Barcode Date last seen Cost, replacement price Bill Date Koha item type Original Barcode
        Smt. Hiraben Nanavati Institute of Management & Research for Women Smt. Hiraben Nanavati Institute of Management & Research for Women 29/02/2020 Forward Books 75.00 11222   658.312 44 KNE B20201 HIMR-BK-20201 25/01/2023 54.00 25/01/2023 Books B20201
        Smt. Hiraben Nanavati Institute of Management & Research for Women Smt. Hiraben Nanavati Institute of Management & Research for Women 29/02/2020 Forward Books 75.00 11222   658.312 44 KNE B20202 HIMR-BK-20202 25/01/2023 54.00 25/01/2023 Books B20202
        Smt. Hiraben Nanavati Institute of Management & Research for Women Smt. Hiraben Nanavati Institute of Management & Research for Women 29/02/2020 Forward Books 75.00 11222   658.312 44 KNE B20203 HIMR-BK-20203 25/01/2023 54.00 25/01/2023 Books B20203
        Smt. Hiraben Nanavati Institute of Management & Research for Women Smt. Hiraben Nanavati Institute of Management & Research for Women 29/02/2020 Forward Books 75.00 11222   658.312 44 KNE B20204 HIMR-BK-20204 25/01/2023 54.00 25/01/2023 Books B20204
        Smt. Hiraben Nanavati Institute of Management & Research for Women Smt. Hiraben Nanavati Institute of Management & Research for Women 29/02/2020 Forward Books 75.00 11222   658.312 44 KNE B20205 HIMR-BK-20205 25/01/2023 54.00 25/01/2023 Books B20205
        Smt. Hiraben Nanavati Institute of Management & Research for Women Smt. Hiraben Nanavati Institute of Management & Research for Women 12/03/2021 Forward Books 75.00 11379   658.312 44 KNE B21489 HIMR-BK-21489 25/01/2023 56.25 12/03/2021 Books B21489